Quizzes
Events
Quiz Creation
Community
Videos
Private Events
Remove Ads
Sign In
Join for FREE
Feedback
Dark Mode
Quiz Categories
Sports
Geography
Music
Movies
Television
Just For Fun
Miscellaneous
History
Literature
Language
Science
Gaming
Entertainment
Religion
Holiday
For Kids
Quiz Lab
Recent
Popular Today
Quiz Kudos Today
Editor Picks
Curator Picks
Quizzes by...
Day
Popularity
Type
Ratings
Length
Year
Community
Subscriptions
Recent Discussions
Orange Saloon
Badges
Playlists
Quests
Create
Leaderboards
Showdown
Live 5
Trivia Bingo
Activity
Puzzle Library
Sporcle Events
Private Events
Virtual Trivia
Globe League
Become a Host
Pub Owners
SporcleCon
Opinionation
Our Games
Videos
Blog
Mobile Apps
Partnerships
Remove Ads and Go Orange
Feedback
Religion
Mythology
Religious Music
World Religions
Bible
Christianity
Catholicism
Judaism
Church
Scripture
Islam
Verse
Religion
Mythology
Religious Music
World Religions
Bible
Christianity
Catholicism
Judaism
Church
Scripture
Islam
Verse
Random Quiz
Search Sporcle
×
Quiz Lab
Quiz Lab
Religion
Famous
Type in answers that appear in a list
Type in answers that appear in a list
Classic
Best Score? Go Orange.
Famous OT People Stats
Can you name the famous people of the Old Testament?
By
LyleOwenLarsen
7m
30 Questions
227 Plays
227 Plays
227 Plays
Comments
Comments
Give Quiz Kudos
Give Quiz Kudos
-
- Ratings
hide this ad
Random Order
Randomize order of answers
Randomize order of answers
Replay
Link that replays current quiz
Next Quiz
Link to next quiz in quiz playlist
You Got
0%
They Got
Avg Score
52%
Avg Friend Score
Upgrade to see
Score Distribution
Jump to the score distribution portion of the page
Score
0/30
Timer
07:00
0
Plays Today
Famous For
Answer
% Correct
Saw a burning bush
Moses
91.6%
God's first human creation
Adam
88.1%
Wisest man ever
Solomon
84.6%
He 'knew' 1000+ women
Solomon
84.6%
Thrown in pit by brothers
Joseph
83.7%
The first murderer
Cain
82.4%
Led Israel into the Promised Land
Joshua
72.7%
Beastly man with long hair
Samson
67.8%
Taken to heaven in a chariot
Elijah
66.1%
Became queen of Persia
Esther
66.1%
Bathed on a her roof
Bathsheba
66.1%
The Edomites descended from him
Esau
60.4%
Last book of OT was name after him
Malachi
57.3%
Name means 'Red'
Esau
55.1%
Impregnated his daughters
Lot
54.6%
Famous For
Answer
% Correct
Married a kinsman-
redeemer
Ruth
53.3%
Hid Israelite spies
Rahab
50.7%
His wife tried to seduce Joseph
Potiphar
49.3%
Married a known prostitute
Hosea
46.3%
Was called 'Baldy' by young men
Elisha
46.3%
Longest life ever
Methuselah
44.5%
Talked to an ass
Balaam
37.4%
'Fired' three men but saw four
Nebuchadnezzar
33.5%
Left-
handed judge
Ehud
28.2%
Granted 14 years of extra life
Hezekiah
24.7%
Spilled his semen
Onan
20.3%
Hid forbidden loot and lied about it
Achan
19.4%
His fat covered his death-
bringing device
Eglon
17.2%
Brought to king David's bed to warm him
Abishag
12.3%
Name means 'White'
Laban
10.1%
Quiz Playlist
Details
Report
Send in Message
Add To Playlist
Classic:
Type in answers that appear in a list
Random Order:
Randomize order of answers
Last Updated: Feb 16, 2017
Quiz Scoreboard
CHALLENGE
Sign Up to Join the Scoreboard
Show All
Scores
Hide
Comments
May contain spoilers
Recently Published
Presidents Visiting Landmarks
by Hejman
History
7m
An Introduction to Baseball
by treessimontrees
Sports
5m
Movies - When Are They Set?
by FPL_Elf
Movies
5m
More to Explore
Quiz From the Vault
Featured Blog Post
Where Did the Easter Bunny Come From?
hide this ad
You Might Also Like...
Tags
Famous Quiz
old
Old Testament
Testament
Today's Top Quizzes in Religion
Browse Religion
hide this ad
Today's Top Quizzes in Famous
Browse Famous
Top Contributed Quizzes in Religion
1
5-to-1: Children of Gods
2
5-to-1: European Churches
3
10 to 1: Islam
4
Order Up: Seven Last Words of Christ
5
One Thing in Common: Mythology
6
Religion Who Wants To Be A Millionaire
7
10 to 1: Protestantism
8
One Thing in Common: Mythology II
9
Prime Time: Religion
10
10 to 1: Norse Religion
Explore More
Trending Topics
Anime
NBA
Marvel
Crossword
Harry Potter
Kpop
Disney
Pokémon
Country
Soccer
The Office
Song
WWE
NFL
Puzzle
hide this ad
More By:
LyleOwenLarsen
Quiz
Plays
Rating
Category
Featured
Created
Famous OT People
227
4.67
Religion
Nov 13, 2010
Famous NT people
80
5.00
Religion
Nov 13, 2010
Go to Creator's Profile
Score Distribution
Quiz Creator Spotlight
LyleOwenLarsen
Follow
Send a Message
Quizzes Created
-
Created Quiz Play Count
-
More By This Creator
Popular Quizzes Today
1
Find the Countries of Europe - No Outlines Minefield
2
Find the US States - No Outlines Minefield
3
The Countries of the World
4
Popular People in 1961
5
Find the US States
6
US States
7
Risky Map Clicking: Biggest States A-Z
8
1-10 Letter E Words III
More Religion Quizzes
Top 10 Countries with the Highest Number of Hindus
Quiz Lab
Trending Quizzes
Risky Map Clicking: Least Populous States A-Z
1-10 Letter F Words
1-10 Letter G Words
One Thing in Common: United Kingdom
Risky Map Clicking: Next State Alphabetically
Recently Updated
Leaping Animals
pecheneg
Reality TV Shows (A-Z)
bhenderson79
Rickey Henderson's Hall of Fame Teammates
pecheneg
Champions League XIs: Arsenal
pecheneg
Quick Pick: Celebrities in WWE's Hall of Fame
aduchscher
A-Z Keypad Blitz II
pecheneg
Multiple Oscar Actors
pecheneg
Mystery Phrase Blitz: Oscar 'Best Actors'
pecheneg
F. Scott Fitzgerald Novels
LTH
Pick 3 Villains
ddd62291
Trending Topics
Marvel
Harry Potter
Kpop
Crossword
Disney
Anime
NBA
Soccer
WWE
Pokémon
NFL
Puzzle
Song
Country
The Office
Your Account Isn't Verified!
In order to create a playlist on Sporcle, you need to verify the email address you used during registration. Go to your
Sporcle Settings
to finish the process.
Report this User
Report this user for behavior that violates our
Community Guidelines
.
Details:
Send Report
Go to the Sporcle.com Mobile Site →
Comments